Executive Board Report to the IMFC on Quota and Governance Reforms.

Since the IMFC last met in April, the Executive Board has taken up the full range of quota and other governance reforms. While there has been some movement on the many complex issues, discussions have been inconclusive, and no proposal has been able to command broad support. The concluding remarks t...

Celý popis

Podrobná bibliografie
Korporativní autor: International Monetary Fund
Médium: Časopis
Jazyk:English
Vydáno: Washington, D.C. : International Monetary Fund, 2010.
Edice:Policy Papers; Policy Paper ; No. 2010/059
Témata:
On-line přístup:Full text available on IMF
LEADER 01693cas a2200301 a 4500
001 AALejournalIMF020105
008 230101c9999 xx r poo 0 0eng d
020 |c 5.00 USD 
020 |z 9781498336673 
022 |a 2663-3493 
040 |a BD-DhAAL  |c BD-DhAAL 
110 2 |a International Monetary Fund. 
245 1 0 |a Executive Board Report to the IMFC on Quota and Governance Reforms. 
264 1 |a Washington, D.C. :  |b International Monetary Fund,  |c 2010. 
300 |a 1 online resource (6 pages) 
490 1 |a Policy Papers 
500 |a <strong>Off-Campus Access:</strong> No User ID or Password Required 
500 |a <strong>On-Campus Access:</strong> No User ID or Password Required 
506 |a Electronic access restricted to authorized BRAC University faculty, staff and students 
520 3 |a Since the IMFC last met in April, the Executive Board has taken up the full range of quota and other governance reforms. While there has been some movement on the many complex issues, discussions have been inconclusive, and no proposal has been able to command broad support. The concluding remarks that sum up these meetings lay out the various positions taken by members of the Board (attached). The debate is continuing, and we hope to make progress on finding the possible elements of a compromise acceptable to the membership. 
538 |a Mode of access: Internet 
650 7 |a Director  |2 imf 
650 7 |a Fund  |2 imf 
650 7 |a PP  |2 imf 
650 7 |a Reform  |2 imf 
650 7 |a Staff  |2 imf 
830 0 |a Policy Papers; Policy Paper ;  |v No. 2010/059 
856 4 0 |z Full text available on IMF  |u http://elibrary.imf.org/view/journals/007/2010/059/007.2010.issue-059-en.xml  |z IMF e-Library